| 000 | 01146nam a22003617a 4500 | ||
|---|---|---|---|
| 001 | BR2010005168 | ||
| 003 | BR-BrBNA | ||
| 005 | 20230928103420.0 | ||
| 007 | ta | ||
| 008 | 230509b bl.||||| |||| 00| 0 por d | ||
| 040 |
_aBR-BrBNA _bpor _cBiblioteca Nacional de Agricultura |
||
| 041 | _a(Por) | ||
| 072 | _aE14; E16; E71 | ||
| 090 | _ E14 BR2010005168 | ||
| 110 | 1 | _aSociedade Espiritossantense de Engenheiros Agrônomos, Vitória, ES (Brasil) | |
| 245 | 1 | _aA agropecuária capixaba no limiar do século XXI: ameaças e oportunidades; palestras, painéis e debates | |
| 260 | 3 |
_aVitória, ES (Brasil): _c2001. |
|
| 300 | _a188 p. | ||
| 500 | _a39 tables; 10 illus.; Several bibliography | ||
| 650 | _aAGRICULTURA | ||
| 650 | _aPECUÁRIA | ||
| 650 | _aDESENVOLVIMENTO RURAL | ||
| 650 | _aDESENVOLVIMENTO SUSTENTÁVEL | ||
| 650 | _aPLANTA TRANSGÊNICA | ||
| 650 | _aENGENHARIA GENÉTICA | ||
| 650 | _aAGRONEGÓCIO | ||
| 650 | _aMERCADO INTERNACIONAL | ||
| 650 | _aCRESCIMENTO ECONÔMICO | ||
| 650 | _aESTATÍSTICA DE PRODUÇÃO | ||
| 650 | _aESPÍRITO SANTO | ||
| 909 |
_a202309 _bLucia _c55 _dLucia Elande |
||
| 942 | _cBK | ||
| 999 |
_c75014 _d75014 |
||